000 00346nam a2200145Ia 4500
005 20251222142005.0
008 251222s9999||||xx |||||||||||||| ||spa||
020 _a200707039
082 _a370.1/T18
100 _aTamayo Pinto-Bazurco, Manuel
245 0 _aEducación en Ciernes:
250 _a1era.ed.
264 _bMar Adentro
942 _cLIB
999 _c10145
_d10145